000
00222nam a2200097Ia 4500
008
190216s9999||||xx |||||||||||||| ||und||
100
_a
Null
245
0
_a
Hindi-Lahar Pukare
260
_b
Vikas Publishing House
942
_c
BK
999
_c
17796
_d
17796